000 00776nam a22001937a 4500
999 _c20996
_d20996
003 AR-CdUCM
008 190723b ||||| |||| 00| 0 spa d
040 _aMUNICIPALIDAD PROVINCIAL DEL CUSCO
_cBIBLIOTECA MUNICIPAL DEL CUSCO
082 _aC / 985.612 /
_bAN61
100 _aAngles Vargas, Victor A.
_943792
245 _aP´isaq :
_bgran metrópoli inka /
260 _aCusco :
_bGarcilaso,
_c1967.
300 _a156 páginas ;
_bilustraciones ; mapas ;
_c33 cm.
505 _aContenido : Descripción de la zona arqueológica de P´isaq -- Diversos grupos arquitectónicos de la zona arqueológica de P´isaq -- Indagaciones y apuntes -- Lo que fue y lo que es P´isaq
650 _aP´isaq
_943793
650 _aArqueología
_9371
942 _2ddc
_cLIBROS
945 _azta